Geography Quiz

Random Geography or Color Quiz

Least colourful flags Quiz Stats

 Plays Quiz not verified by Sporcle

Challenge
Share
Tweet
Embed
Score 0/36 Timer 04:00
0 Plays Today
# of colours Country % Correct
2Japan
81.8%
1Libya
81.3%
2Poland
80.8%
2China
76.8%
2Canada
76.3%
2Sweden
76.3%
2Finland
74.2%
2Indonesia
72.2%
2Denmark
70.7%
2Monaco
65.2%
2Turkey
62.6%
2Austria
59.6%
2Switzerland
57.6%
2Ukraine
57.1%
2Greece
56.6%
2Bangladesh
53%
2Tunisia
52.5%
2Vietnam
52%
# of colours Country % Correct
2Saudi arabia
51.5%
2Israel
50.5%
2Latvia
49.5%
2Singapore
48%
2Nigeria
44.4%
2Kazakhstan
43.4%
2Palau
41.4%
2Somalia
37.4%
2Albania
36.9%
2Kyrgyzstan
36.9%
2Qatar
35.9%
2Macedonia
33.8%
2Tonga
32.3%
2Bahrain
31.8%
2Honduras
31.8%
2Georgia
30.3%
2Mauritania
27.3%
2Micronesia
25.3%

You're not logged in!

Compare scores with friends on all Sporcle quizzes.
Join for Free
OR
Log In

You Might Also Like...

Show Comments

Extras

Top Quizzes Today


Score Distribution

Your Account Isn't Verified!

In order to create a playlist on Sporcle, you need to verify the email address you used during registration. Go to your Sporcle Settings to finish the process.

Report this User

Report this user for behavior that violates our Community Guidelines.

Details: